Enter kam zo súčasného umenia a literatúry
| Previous Title: | Kam zo súčasného umenia a literatúry |
|---|---|
| Other Authors: | |
| Format: | Journal |
| Language: | Slovak |
| PhysicalDescription: | zv. 30 cm |
| Published: |
Košice
Vydavateľstvo Pectus
2010-
Košice Dielňa Autorov Literatúry Košice Dive Buki |
| ISSN: | 1338-1946 1337-8864 |
| Subjects: |
MARC
| LEADER | 00000cas a22000004a 4500 | ||
|---|---|---|---|
| 001 | vtls010194957 | ||
| 003 | SK-MaSNL | ||
| 005 | 20260228161153.0 | ||
| 008 | 101206c20109999xo fr p 0 b0slo | ||
| 022 | |a 1338-1946 | ||
| 040 | |a SVKBB |b slo |c SVKBB |d SAVUK |d SNK |e AACR2 | ||
| 041 | 0 | |a slo | |
| 044 | |a xo |c SK | ||
| 072 | 7 | |a 82 |x Literatúra. Literárny život |2 konspekt | |
| 072 | 7 | |a 72/76 |x Výtvarné umenie |2 konspekt | |
| 080 | |a 72/76 |2 2001 | ||
| 080 | |a 82 |2 2001 | ||
| 080 | |a 050 | ||
| 210 | 0 | |a Enter |b (Košice) | |
| 222 | 0 | |a Enter |b (Košice) | |
| 245 | 0 | 0 | |a Enter |b kam zo súčasného umenia a literatúry |
| 246 | 1 | 3 | |a Enter |
| 260 | |a Košice |b Vydavateľstvo Pectus |c 2010- | ||
| 260 | 2 | |3 2/2010- |a Košice |b Dielňa Autorov Literatúry | |
| 260 | 3 | |3 [3/2011]- |a Košice |b Dive Buki | |
| 300 | |a zv. |c 30 cm | ||
| 310 | |a 2x ročne | ||
| 362 | 0 | |a 2010- | |
| 500 | |a Šéfredaktor: Richard Kitta | ||
| 500 | |a Evidenčné č. MK SR: EV 2964/09 | ||
| 500 | |a titul Enter+ vychádza ako kniha s ISBN | ||
| 500 | |a Prvé č. v r. 2010 má ešte uvedené ISSN z roku 2009 | ||
| 500 | |a Časopis má priebežné číslovanie | ||
| 650 | 0 | 7 | |a umenie |2 SNKPH |9 1060 |
| 650 | 0 | 7 | |a literatúra |2 SNKPH |9 1427 |
| 650 | 0 | 7 | |a Art |2 SNKPHeng |9 266209 |
| 650 | 0 | 7 | |a Literature |2 SNKPHeng |9 265137 |
| 700 | 1 | |a Kitta, Richard, |d 1979- |4 pbd |9 99140 | |
| 780 | 0 | 0 | |t Kam zo súčasného umenia a literatúry |x 1337-8864 |
| 852 | |a Štátna vedecká knižnica v Banskej Bystrici | ||
| 910 | |a savuk | ||
| 910 | |a snk | ||
| 910 | |a svkbb | ||
| 999 | |c 4546 |d 6476 | ||
| 952 | |0 0 |1 0 |4 0 |7 0 |8 0 |a SNK |b SNK |d 2025-05-15 |i snk2025/7734 |l 0 |o snkČSB 7873/2010/1 |p 17A1556844 |r 2026-02-21 19:58:04 |t č. [1] |w 2026-02-21 |y PREZ | ||
| 952 | |0 0 |1 0 |4 0 |7 0 |8 0 |a SNK |b SNK |d 2025-05-15 |i snk2025/7736 |l 0 |o snkČSB 7873/2010/2 |p 17A1556845 |r 2026-02-21 19:58:04 |t č. 2 |w 2026-02-21 |y PREZ | ||
| 952 | |0 0 |1 0 |4 0 |7 0 |8 0 |a SNK |b SNK |d 2025-05-15 |i snk2025/7737 |l 0 |o snkČSB 7873/2010/1 D1 |p 17A1556846 |r 2026-02-21 19:58:04 |t č. [1] |w 2026-02-21 |y PREZ | ||
| 952 | |0 0 |1 0 |4 0 |7 0 |8 0 |a SNK |b SNK |d 2025-05-15 |i snk2025/7738 |l 0 |o snkČSB 7873/2010/2 D1 |p 17A1556847 |r 2026-02-21 19:58:04 |t č. 2 |w 2026-02-21 |y PREZ | ||
| 952 | |0 0 |1 0 |4 0 |7 0 |8 0 |a SNK |b SNK |d 2025-05-15 |i snk2025/7740 |l 0 |o snkČSB 7873/2011/3 |p 17A1556848 |r 2026-02-21 19:58:04 |t č. 3 |w 2026-02-21 |y PREZ | ||
| 952 | |0 0 |1 0 |4 0 |7 0 |8 0 |a SNK |b SNK |d 2025-05-15 |i snk2025/7741 |l 0 |o snkČSB 7873/2011/4 |p 17A1556849 |r 2026-02-21 19:58:04 |t č. 4 |w 2026-02-21 |y PREZ | ||
| 952 | |0 0 |1 0 |4 0 |7 0 |8 0 |a SNK |b SNK |d 2025-05-15 |i snk2025/7742 |l 0 |o snkČSB 7873/2011/5 |p 17A1556850 |r 2026-02-21 19:58:04 |t č. 5 |w 2026-02-21 |y PREZ | ||
| 952 | |0 0 |1 0 |4 0 |7 0 |8 0 |a SNK |b SNK |d 2025-05-15 |i snk2025/7746 |l 0 |o snkČSB 7873/2011/6-7 |p 17A1556851 |r 2026-02-21 19:58:04 |t č. 6-7 |w 2026-02-21 |y PREZ | ||
| 952 | |0 0 |1 0 |4 0 |7 0 |8 0 |a SNK |b SNK |d 2025-05-15 |i snk2025/7749 |l 0 |o snkČSB 7873/2011/3 D1 |p 17A1556852 |r 2026-02-21 19:58:04 |t č. 3 |w 2026-02-21 |y PREZ | ||
| 952 | |0 0 |1 0 |4 0 |7 0 |8 0 |a SNK |b SNK |d 2025-05-15 |i snk2025/7750 |l 0 |o snkČSB 7873/2011/4 D1 |p 17A1556853 |r 2026-02-21 19:58:08 |t č. 4 |w 2026-02-21 |y PREZ | ||
| 952 | |0 0 |1 0 |4 0 |7 0 |8 0 |a SNK |b SNK |d 2025-05-16 |i snk2025/7813 |l 0 |o snkČSB 7873/2013/13 D1 |p 17A1556865 |r 2026-02-21 19:58:14 |t č. 13 |w 2026-02-21 |y PREZ | ||
| 952 | |0 0 |1 0 |4 0 |7 0 |8 0 |a SNK |b SNK |d 2025-05-16 |i snk2025/7814 |l 0 |o snkČSB 7873/2013/14-15 |p 17A1556866 |r 2026-02-21 19:58:14 |t č. 14-15 |w 2026-02-21 |y PREZ | ||
| 952 | |0 0 |1 0 |4 0 |7 0 |8 0 |a SNK |b SNK |d 2025-05-16 |i snk2025/7815 |l 0 |o snkČSB 7873/2013/14-15 D1 |p 17A1556867 |r 2026-02-21 19:58:14 |t č. 14-15 |w 2026-02-21 |y PREZ | ||
| 952 | |0 0 |1 0 |4 0 |7 0 |8 0 |a SNK |b SNK |d 2025-05-15 |i snk2025/7751 |l 0 |o snkČSB 7873/2011/5 D1 |p 17A1556854 |r 2026-02-21 19:58:18 |t č. 5 |w 2026-02-21 |y PREZ | ||
| 952 | |0 0 |1 0 |4 0 |7 0 |8 0 |a SNK |b SNK |d 2025-05-15 |i snk2025/7752 |l 0 |o snkČSB 7873/2011/6-7 D1 |p 17A1556855 |r 2026-02-21 19:58:18 |t č. 6-7 |w 2026-02-21 |y PREZ | ||
| 952 | |0 0 |1 0 |4 0 |7 0 |8 0 |a SNK |b SNK |d 2025-05-15 |i snk2025/7753 |l 0 |o snkČSB 7873/2012/12 |p 17A1556856 |r 2026-02-21 19:58:18 |t č. 12 |w 2026-02-21 |y PREZ | ||
| 952 | |0 0 |1 0 |4 0 |7 0 |8 0 |a SNK |b SNK |d 2025-05-15 |i snk2025/7769 |l 0 |o snkČSB 7873/2012/8 |p 17A1556857 |r 2026-02-21 19:58:18 |t č. 8 |w 2026-02-21 |y PREZ | ||
| 952 | |0 0 |1 0 |4 0 |7 0 |8 0 |a SNK |b SNK |d 2025-05-15 |i snk2025/7771 |l 0 |o snkČSB 7873/2012/9-10 |p 17A1556858 |r 2026-02-21 19:58:18 |t č. 9-10 |w 2026-02-21 |y PREZ | ||
| 952 | |0 0 |1 0 |4 0 |7 0 |8 0 |a SNK |b SNK |d 2025-05-15 |i snk2025/7772 |l 0 |o snkČSB 7873/2012/11 |p 17A1556859 |r 2026-02-21 19:58:18 |t č. 11 |w 2026-02-21 |y PREZ | ||
| 952 | |0 0 |1 0 |4 0 |7 0 |8 0 |a SNK |b SNK |d 2025-05-15 |i snk2025/7773 |l 0 |o snkČSB 7873/2012/8 D1 |p 17A1556860 |r 2026-02-21 19:58:18 |t č. 8 |w 2026-02-21 |y PREZ | ||
| 952 | |0 0 |1 0 |4 0 |7 0 |8 0 |a SNK |b SNK |d 2025-05-15 |i snk2025/7775 |l 0 |o snkČSB 7873/2012/9-10 D1 |p 17A1556861 |r 2026-02-21 19:58:18 |t č. 9-10 |w 2026-02-21 |y PREZ | ||
| 952 | |0 0 |1 0 |4 0 |7 0 |8 0 |a SNK |b SNK |d 2025-05-15 |i snk2025/7776 |l 0 |o snkČSB 7873/2012/11 D1 |p 17A1556862 |r 2026-02-21 19:58:19 |t č. 11 |w 2026-02-21 |y PREZ | ||
| 952 | |0 0 |1 0 |4 0 |7 0 |8 0 |a SNK |b SNK |d 2025-05-15 |i snk2025/7777 |l 0 |o snkČSB 7873/2012/12 D1 |p 17A1556863 |r 2026-02-21 19:58:19 |t č. 12 |w 2026-02-21 |y PREZ | ||
| 952 | |0 0 |1 0 |4 0 |7 0 |8 0 |a SNK |b SNK |d 2025-05-15 |i snk2025/7780 |l 0 |o snkČSB 7873/2013/13 |p 17A1556864 |r 2026-02-21 19:58:19 |t č. 13 |w 2026-02-21 |y PREZ | ||


